00000000cam 2200000zi 4500
0019.955498
003CaOODSP
00520260603132015
006m     o  d f      
007cr mn|||||||||
008250918t20252025onc     ob   f000 0 eng d
020 |a9780660790381
040 |aCaOODSP|beng|erda|cCaOODSP
043 |an-cn---
0861 |aBT22-291/2025E-PDF
1101 |aCanada. |bTreasury Board, |eauthor, |eissuing body.
24510|aTreasury Board of Canada Secretariat red tape review progress report.
264 1|aOttawa, Ontario : |bTreasury Board of Canada Secretariat = Secrétariat du Conseil du trésor du Canada, |c2025.
264 4|c©2025
300 |a1 online resource (37 pages)
336 |atext|btxt|2rdacontent
337 |acomputer|bc|2rdamedia
338 |aonline resource|bcr|2rdacarrier
500 |aIssued also in French under title: Secrétariat du Conseil du Trésor du Canada : rapport d'étape de l'examen du fardeau administratif.
500 |a"Published: 2025-09-08."
61010|aCanada. |bTreasury Board|xPlanning.
650 0|aBureaucracy|zCanada.
77508|tSecrétariat du Conseil du Trésor du Canada : |w(CaOODSP)9.955499
85640|qPDF|s967 KB|uhttps://publications.gc.ca/collections/collection_2026/sct-tbs/BT22-291-2025-eng.pdf
8564 |qHTML|sN/A|uhttps://www.canada.ca/en/treasury-board-secretariat/corporate/transparency/acts-regulations/red-tape-review-progress-report.html